000 00230nam a2200097Ia 4500
008 240331s9999 xx 000 0 und d
082 _bCOM
100 _aSoanes, C. ed
245 4 _aThe compact Oxford reference dictionary
942 _cL
999 _c3243
_d3243